| 000 -LEADER |
| fixed length control field |
00585cam a22001577a 4500 |
| 008 - FIXED-LENGTH DATA ELEMENTS--GENERAL INFORMATION |
| fixed length control field |
180718b2013 xxu||||| |||| 00| 0 eng d |
| 020 ## - INTERNATIONAL STANDARD BOOK NUMBER |
| International Standard Book Number |
9781781908884 |
| 082 ## - DEWEY DECIMAL CLASSIFICATION NUMBER |
| Classification number |
I513 Z2/9 |
| 245 ## - TITLE STATEMENT |
| Title |
Individual sources, dynamics, and expressions of emotion , vol.9 |
| Statement of responsibility, etc. |
edited by Wilfred J. Zerbe, Neal M. Ashkanasy and Charmine E. J. Hartel |
| 260 ## - PUBLICATION, DISTRIBUTION, ETC. |
| Place of publication, distribution, etc. |
India |
| Name of publisher, distributor, etc. |
Emerald |
| Date of publication, distribution, etc. |
2013 |
| 300 ## - PHYSICAL DESCRIPTION |
| Extent |
343p. |
| 650 ## - SUBJECT ADDED ENTRY--TOPICAL TERM |
| Topical term or geographic name entry element |
Organizational behavior |
| 650 ## - SUBJECT ADDED ENTRY--TOPICAL TERM |
| Topical term or geographic name entry element |
Psychology, Industrial |
| 650 ## - SUBJECT ADDED ENTRY--TOPICAL TERM |
| Topical term or geographic name entry element |
Work -- Psychological aspects |
| 700 ## - ADDED ENTRY--PERSONAL NAME |
| Personal name |
Zerbe, Wilfred J. , Ashkanasy , Neal M. and Hartel, Charmine E.J. |